| 000 | 01685nam0a2200361 4500 | ||
|---|---|---|---|
| 001 | RU\NLR\BIBL_A\022006294 | ||
| 005 | 20230926135123.0 | ||
| 010 |
_a978-5-4396-2536-9 _93000 |
||
| 021 |
_aRU _bКН-П-23-044849 _9КН-П-23-4489 |
||
| 035 | _a(NLR Aleph) 022006294 | ||
| 035 | _a(RuMoRGB)011933429 | ||
| 090 |
_a12469923 _c12469923 |
||
| 100 | _a20230816d2023 k y0rusy50 ca | ||
| 101 | 0 | _arus | |
| 102 | _aRU | ||
| 105 | _ay z 000zy | ||
| 181 | 0 |
_ai _baxxe |
|
| 182 | 0 | _an | |
| 200 | 1 |
_aУчастие юридических лиц в досудебном производстве по уголовным делам _eмонография _fЮ. В. Дражевская _gпод редакцией доктора юридических наук, доцента Г. И. Седовой |
|
| 203 |
_aТекст _bвизуальный _cнепосредственный |
||
| 210 |
_aМосква _cЮрлитинформ _d2023 |
||
| 215 |
_a196, [2] с. _d22 |
||
| 225 | 1 | _aУголовный процесс | |
| 300 | _aНа обороте тит. с. авт.: Ю. В. Дражевская - канд. юрид. наук, преподаватель | ||
| 320 | _aБиблиогр.: с. 188-197 и в подстроч. примеч. | ||
| 606 | 1 |
_aЮридические лица _xУчастие в уголовном процессе _yРоссийская Федерация _92121541 _3RU\NLR\AUTH\661584720 |
|
| 686 | 1 | _aХ629.31 | |
| 686 | 1 | _aХ623.012.09 | |
| 700 | 1 |
_aДражевская _bЮ. В. _gЮлия Валерьевна |
|
| 942 | _cBOOK | ||
| 980 | _aNB | ||